000 00748cam a2200277 i 4500
001 768714001
003 CO-MdFUSB
005 20240622091025.0
007 ta
008 240622t1983 -sp||||| |||| 00| 0 spa d
020 _a84-7228-538-3
040 _cCO-MdFUSB
041 0 _aspa
082 0 4 _224
_a234.3
_bM9811s
100 1 _aMurray, Andrew (1828- 1917)
_eautor
245 1 0 _aLa sangre de la cruz /
_cAndrew Murray ; traducido por Nancy S. de Fernández
264 1 _bClie,
_aTerrassa, Barcelona :
_c[1983]
264 4 _c©1983
300 _a140 Pag
336 _atexto
_btxt
_2rdacontent
337 _2rdamedia
_asin mediación
_bn
338 _2rdacarrier
_avolumen
_bnc
653 _aSoteriología
942 _cBK
945 _aMiguel
999 _c34848
_d34848